Statistics for Things in Common #1

Click here to take the quiz!

General Stats

  • This quiz has been taken 23 times
  • The average score is 19 of 32

Answer Stats

Abbreviation U.S. State % Correct
ALAlabama
95%
INIndiana
95%
CACalifornia
95%
FLFlorida
95%
SCSouth Carolina
91%
PAPennsylvania
91%
COColorado
91%
GAGeorgia
91%
MNMinnesota
91%
ARArkansas
86%
MTMontana
86%
NENebraska
82%
MDMaryland
82%
Argon
77%
LALouisiana
77%
NDNorth Dakota
77%
MOMissouri
73%
Calcium
68%
Aluminum
59%
Cobalt
50%
Neon
41%
Manganese
36%
Scandium
23%
Gallium
18%
Molybdenum
18%
Indium
14%
Meitnerium
14%
Mendelevium
9%
Lanthanum
9%
Flerovium
9%
Neodymium
5%
Protactinium
5%

Score Distribution

Percentile by Number Answered

Percent of People with Each Score

Your Score History

You have not taken this quiz